00680cam a22002174a 450000500170000000800410001701000140005802000260007203700130009804000080011108200080011910000170012724500400014426000350018430000320021950000210025165000130027294200220028599900170030795201380032420020821080931.0010606s2002 maua b 001 0 eng  aENG-95653 a9788120337855c195.00 aDBAD/PUB aDPL a515 aDevi Prasad  aAdvanced calculus /cby Devi Prasad aNew Delhi:bPHI Learningc2009 aviii, 278 p. :c24 cm.(Pbk) aIncludes index. aCalculus 2ddccENmDEVh515 c33100d33100 00102ddc40718NFICaDBADbDBADd2009-12-17eDBAD/PUBg195.00l0o515 DEVpEN-79186r2009-12-17 00:00:00t1v195.00w2009-12-17yEN